| 000 | nam a22 7a 4500 | ||
|---|---|---|---|
| 999 |
_c234328 _d234328 |
||
| 005 | 20170317155344.0 | ||
| 008 | 170317b xxu||||| |||| 00| 0 eng d | ||
| 040 | _c. | ||
| 082 | _aBB-395 | ||
| 100 | _aRosen ,Kenneth H. | ||
| 245 |
_aDiscrete Mathematics & Its Applications / _cKenneth H. Rosen |
||
| 250 | _a6th ed. | ||
| 300 |
_aInvp. ; _c23 cm |
||
| 942 |
_2ddc _cBK |
||